AHL Teams - Statistics

General Stats
  • This quiz has been taken 214 times
  • The average score is 22 of 32
Answer Stats
Division Team Name % Correct
Central Texas Stars
78%
Atlantic Hershey Bears
77%
Atlantic Providence Bruins
77%
Central Chicago Wolves
75%
Atlantic Charlotte Checkers
74%
Pacific San Jose Barracuda
74%
North Toronto Marlies
74%
Pacific Abbotsford Canucks
73%
Pacific Coachella Valley Firebirds
72%
Pacific Bakersfield Condors
71%
Central Iowa Wild
71%
North Laval Rocket
71%
North Cleveland Monsters
70%
Pacific Henderson Silver Knights
70%
Pacific San Diego Gulls
70%
Atlantic Bridgeport Islanders
69%
North Rochester Americans
69%
Pacific Tucson Roadrunners
69%
North Utica Comets
68%
Atlantic WBS Penguins
68%
Central Grand Rapids Griffins
67%
Pacific Colorado Eagles
66%
Atlantic Lehigh Valley Phantoms
66%
Pacific Ontario Reign
66%
North Syracuse Crunch
66%
North Belleville Senators
64%
Central Manitoba Moose
64%
Central Milwaukee Admirals
61%
Atlantic Hartford Wolf Pack
60%
Central Rockford IceHogs
58%
Atlantic Springfield Thunderbirds
56%
Pacific Calgary Wranglers
53%
No matching quizzes found
Score Distribution
Percent of People with Each Score
Percentile by Number Answered
Your Score History
You have not taken this quiz